Energetická závislosť a jej vplyv na budúci ekonomický vývoj Európskej únie: implikácie pre Slovenskú republiku dizertačná práca

Saved in:
Bibliographic Details
Main Author: Šipoš, Tomáš, 1982-
Corporate Author: Slovenská akadémia vied. Ekonomický ústav
Other Authors: Obadi, Saleh Mothana
Format: Book
Language:Slovak
Published: Bratislava 2013
Subjects:
Tags: Add Tag
No Tags, Be the first to tag this record!

MARC

LEADER 00000nbm a2200000 4500
001 0181849
005 20230113073449.9
041 0 |a slo 
044 |a SK 
245 1 0 |a Energetická závislosť a jej vplyv na budúci ekonomický vývoj Európskej únie: implikácie pre Slovenskú republiku  |b dizertačná práca  |c Tomáš Šipoš ; školiteľ: Saleh Mothana Obadi 
264 1 |a Bratislava  |c 2013 
300 |a 141 s. 
610 2 0 |a politika energetická 
610 2 0 |a bezpečnosť energetická 
610 2 0 |a zdroje energetické 
610 2 0 |a závislosť energetická 
610 2 0 |a Slovensko 
610 2 0 |a Európska únia 
100 1 |a Šipoš, Tomáš, 1982- 
700 1 |a Obadi, Saleh Mothana 
710 2 |a Slovenská akadémia vied. Ekonomický ústav